00363nam a22001337a 450000500170000000800410001704100120005808200120007010000120008224500300009426000510012430000290017565000250020420240805141646.0240805b |||||||| |||| 00| 0 eng d aEnglish a349 SOU lEnglish aSouth African Law Reports aCape Town: bJuta and Company Ltd, c1924 - 28 bvii, 158 pages;c25 cm.  aLegal practice bLaw